|
|
|
|
| LEADER |
00000cam a2200000 a 4500 |
| 001 |
vtls008334657 |
| 003 |
SK-MaSNL |
| 005 |
20260331204903.0 |
| 008 |
230403s1966 xo 000 0 slo |
| 015 |
|
|
|a SNBA1966/04-00524
|
| 035 |
|
|
|a SK01SNK19660026874
|
| 035 |
|
|
|a urn:nbn:sk:snk-am3hfnb
|
| 035 |
|
|
|a F509DF3B-AF45-4691-B3AF-1D3A35437A94
|
| 035 |
|
|
|a urn:nbn:sk:snk-am00cynd
|
| 035 |
|
|
|a SKM000029337
|
| 040 |
|
|
|a SNK
|b slo
|c SNK
|e AACR2
|
| 041 |
0 |
|
|a slo
|
| 044 |
|
|
|a xo
|c SK
|
| 080 |
|
|
|a 908.437.683
|2 1981
|
| 080 |
|
|
|a 943.76:069.02:355(437.683)
|2 1981
|
| 080 |
|
|
|a 069.02:355(437.683)
|2 1981
|
| 080 |
|
|
|a 355(437.683)
|2 1981
|
| 100 |
1 |
|
|a Konček, Emil,
|d 1920-2004
|4 wam
|9 78501
|
| 245 |
1 |
0 |
|a Dukla
|c text Emil Konček, František Markuš ; fot. z archívu KPS (V. Knapík a J. Tobiač)
|
| 260 |
|
|
|a Prešov
|b Krajské stredisko štátnej pamiatkovej starostlivosti a ochrany prírody
|a Svidník
|b Dukelské múzeum
|c 1966
|
| 300 |
|
|
|a 21, [1] s.
|b mp.
|c 12°
|
| 500 |
|
|
|a Vydalo Dukelské múzem, Svidník v Krajskom stredisku štátnej pamiatkovej starostlivosti a ochrany prírody, Prešov
|
| 610 |
0 |
7 |
|a Duklianske múzeum (Svidník, Slovensko)
|2 SNK
|9 427746
|
| 610 |
2 |
7 |
|a Pamätník Československého armádneho zboru (Dukla, Slovensko)
|9 178041
|
| 655 |
|
7 |
|a katalógy múzejných zbierok
|2 SNKPH
|9 301813
|
| 700 |
1 |
|
|a Markuš, František
|4 wam
|9 398947
|
| 700 |
1 |
|
|a Knapík, V.
|4 pht
|9 497655
|
| 700 |
1 |
|
|a Tobiaš, J.
|4 pht
|9 497656
|
| 852 |
|
|
|a Slovenská národná knižnica
|
| 954 |
|
|
|a odborná, vedecká literatúra pôvodná (slovenská)
|2 lita
|
| 958 |
|
|
|a OND
|
| 958 |
|
|
|a RK
|
| 958 |
|
|
|a TL
|
| 958 |
|
|
|a BQ
|
| 958 |
|
|
|a EUIPO
|
| 999 |
|
|
|c 769748
|d 771678
|
| 952 |
|
|
|t P60, <04>, [BOOK], {604}
|a SNK
|b SNK
|y VYP
|7 0
|p 17A0215769
|o snkSE 4109 D1
|0 0
|1 0
|4 0
|d 1999-10-27
|l 0
|r 2005-01-02 00:00:00
|w 2026-02-24
|
| 952 |
|
|
|a SNK
|b SNK
|y PREZ
|7 0
|p 17A0755936
|o snkSE 4109
|0 0
|1 0
|4 0
|d 2011-11-09
|f 1
|l 0
|r 2026-02-24 00:31:26
|w 2026-02-24
|